00804cam a2200205 a 450000100100000000500170001000800410002704000250006808200270009310000770012024500780019725000110027526000350028630000280032158600410034965000300039065000330042095201300045399900150058300000470420200929151504.0021209s1938 sp a b 000 f spa  aDO-SdBNPbspacBNPHU a828.99343bR696f, 19381 aCasona, Alejandro,q(Alejandro Rodríguez Álvarez)d1903-1965.91370410aFlor de leyendas :blecturas literarias para niños /cAlejandro Casona. a4a ed. aMadrid :bEspasa-Calpe,c1938. a194 p. :bil. ;c20 cm. aPremio Nacional de Literatura, 1932. 4aNovela austríaca913705 4aLiteratura austríaca94014 001052708MOaGRbGRcCTd2009-07-24iLF1l0o828.99343 R696f, 1938p4704-10r2020-06-25w2020-06-25y2ZPréstamo interno c4510d4510